Države i Glavni Gradovi istog imena - Statistics

General Stats
  • This quiz has been taken 784 times
    780 since last reset
  • The average score is 8 of 15
Answer Stats
Kontinent Odgovor % Correct
Vatikan
84%
Luksemburg
83%
San Marino
83%
Evropa Andora
77%
Monako
77%
Meksiko
58%
Afrika Alžir
56%
Tunis
51%
Panama
49%
Singapur
44%
S. Amerika Gvatemala
35%
Azija Kuvajt
30%
Džibuti
27%
Salvador
26%
Sao Tome
15%
No matching quizzes found
Score Distribution
Percent of People with Each Score
Percentile by Number Answered
Your Score History
You have not taken this quiz since the last reset